000 02442cam a22004334a 4500
001 117762
005 20230410123358.0
008 110928s2012 enka b 001 0 eng
035 _a16981276
925 0 _aacquire
_b2 shelf copies
_xpolicy default
942 _2lcc
_cbk
010 _a 2011039484
015 _aGBB1D1378
_2bnb
016 7 _a015969317
_2Uk
020 _a9780415782906 (hbk.)
020 _a0415782902 (hbk.)
020 _a9780415782913 (pbk.)
020 _a0415782910 (pbk.)
020 _a9780203123782 (ebk.)
020 _a0203123786 (ebk.)
035 _a(OCoLC)ocn706022697
040 _aDLC
_beng
_cDLC
_dYDX
_dBTCTA
_dYDXCP
_dCDX
_dUKMGB
_dYNK
_dBWX
_dOCLCO
_dDLC
042 _apcc
050 1 4 _aJZ4839
_b.I59 2012
082 0 0 _a341.2
_223
245 0 0 _aInternational organizations as self-directed actors :
_ba framework for analysis /
_cedited by Joel E. Oestreich.
260 _aAbingdon, Oxon ;
_aNew York :
_bRoutledge,
_c2012.
300 _axxiv, 280 p. :
_bill. ;
_c22 cm.
490 1 _aRoutledge global institutions series ;
_v64
504 _aIncludes bibliographical references and index.
505 0 _aIntroduction -- The UN Secretary-General and self-directed leadership: development of the democracy agenda / Kirsten Haack and Kent Kille -- The roots of UN post-conflict peacebuilding: a case study of autonomous agency / Margaret P. Karns -- The anatomy of autonomy: the case of the World Bank / Susan Park and Catherine Weaver -- The United Nations High Commissioner For Refugees: autonomy and mandate change / Alexander Betts -- Changing actors and actions in the global fight against aids / Christer Jonsson -- Disaggregating delegation: multiplying agents in the international maritime safety regime / Kendall W. Stiles -- Not just states or the secretary-general but also staff: the emergence of UNOPS as a new UN organization / Dennis Dijkzeul -- ASEAN as an informal organization: does it exist and does it have agency? the emergence of the ASEAN secretariat / Bob Reinalda -- New types of organizations and global governance in the twenty-first century: the case of ICANN / James P. Muldoo.
650 0 _aInternational agencies.
650 0 _aInternational organization.
650 0 _aInternational agencies
_vCase studies.
650 0 _aInternational organization
_vCase studies.
700 1 _aOestreich, Joel E.
830 0 _aGlobal institutions series ;
_v64.
946 _aIMRO
999 _c60259
_d60259